| 000 | 00830nam a22002417a 4500 | ||
|---|---|---|---|
| 005 | 20110905154821.0 | ||
| 008 | 110905t xxu||||| |||| 00| 0 eng d | ||
| 010 | _aENG-103766 | ||
| 020 |
_c695.00 _a8187134275 |
||
| 035 | _aEN-87299 | ||
| 037 | _bDBAD/PUB | ||
| 040 |
_adpl _bEng |
||
| 082 | _a574.87 | ||
| 100 |
_aAminul Islam _934404 |
||
| 245 |
_aTextbook of cell biology / _cby Aminul Islam |
||
| 260 |
_aKolkata _bBooks And Allied _c2011 |
||
| 270 |
_a83/1, Beliaghata Main Road, _bKolkata _e700010 _mbooks@cal.vsnl.net.in |
||
| 300 |
_a1067p. : _c24cm (pbk) _bill. |
||
| 500 | _aIncludes index | ||
| 700 | _934538 | ||
| 942 |
_2ddc _cEN _h574.87 _mAMI |
||
| 999 |
_c56491 _d56491 |
||